Historia ambiental de Chile

Na minha lista:
Detalhes bibliográficos
Main Authors: Camus, Pablo (Author), Hajek, Ernst R (Author)
Formato: Livro
Idioma:espanhol
Publicado em: Santiago, Chile Departamento de Ecología PUC 1998
Assuntos:
Tags: Adicionar Tag
Sem tags, seja o primeiro a adicionar uma tag!

MARC

LEADER 00000cam a2200000 a 4500
001 UCC4609
003 CL-VaPUC
005 20210326001654.0
008 180817e19980000cl |||||||||||||||||spa|d
999 |c 372061  |d 372059 
020 |a 9562880915 
040 |c Pontificia Universidad Católica de Valparaíso 
082 0 4 |a 577.083 CAM 1998  |2 21 
100 0 |a Camus, Pablo  |e author  |9 598813 
245 1 0 |a Historia ambiental de Chile 
260 |a Santiago, Chile  |b Departamento de Ecología PUC  |c 1998 
300 |a 181 páginas 
583 |a last modification  |c 20180817 12:57:00  |k Rodrigo Vera 
650 0 |a Medio ambiente  |x ASPECTOS ECONOMICOS  |z CHILE  |9 257625 
700 |a Hajek, Ernst R  |e author  |9 616404 
852 |a BIBCUR 
942 |c BK  |2 ddc 
945 |d 20180817 12:57:00  |a dcastane 
952 |0 0  |1 0  |2 ddc  |3 erb  |4 0  |6 577_083000000000000_CAM_1998  |7 0  |8 A  |9 489318  |a BIBHIS  |b BIBHIS  |i 5488575  |l 15  |m 2  |o 577.083 CAM 1998  |p 5488575  |r 2025-01-20  |s 2024-03-18  |t 1  |w 2019-11-24  |y BK  |z Catalogado en:20180817  |k HIS